000 00309nam a2200097Ia 4500
005 20250424112846.0
008 250424s9999 xx 000 0 und d
300 _aiv. , 177 p. ; 24 cm.
650 _aFinance--Nigeria--Periodicals. Business--Nigeria--Periodicals. Investments--Nigeria--Periodicals.
942 _cSR
999 _c37540
_d37540